| 000 | 00756nam a2200241 i 4500 | ||
|---|---|---|---|
| 001 | 32597 | ||
| 003 | ES-MaACL | ||
| 005 | 20230906154612.0 | ||
| 007 | t| | ||
| 008 | 030131s1983 sp a |||| | spa d | ||
| 080 | _a165 | ||
| 100 | 1 |
_aBerkeley, George. _928043 |
|
| 245 | 1 | 0 |
_aTres diálogos entre Hylas y Philonus / _cGeorge Berkeley ; introducción, traducción, notas y ejercicios, Manuel Satue. |
| 260 |
_a[Barcelona] : _bHumanitas, _c[1983] |
||
| 300 |
_a180 p. : _bil. ; _c21 cm. |
||
| 490 | 1 | _aMaterial didáctico | |
| 650 | 4 |
_aEpistemología. _912338 |
|
| 700 | 1 |
_aSatue, Manuel. _9103951 |
|
| 740 | 0 | 2 | _a3 diálogos entre Hylas y Philonus. |
| 830 | 0 |
_aMaterial didáctico _9183700 |
|
| 852 |
_aES-MaACL _jL-5694 |
||
| 999 |
_c32597 _d32597 |
||